Quick Pick: Bob Seger Songs Quiz Stats

Quiz Updated Jan 9, 2018

Challenge
Share
Tweet
Embed
Score 0/12 Timer 01:00
2 Plays Today
% Correct
Never
91.8%
Turn
91.4%
Old
91.1%
Wind
90.4%
Moves
87.7%
Nights
87.3%
Gamblin'
86.8%
Fire
85.5%
Rock
84.7%
Tonite
83.6%
Still
82.8%
Beautiful
82%

Today's Daily Dose

Word Ladder
Summertime

On This Day
June 23rd II

You're not logged in!

Compare scores with friends on all Sporcle quizzes.
Join for Free
OR
Log In

You Might Also Like...

Show Comments

Extras

Top Quizzes Today


Score Distribution

Your Account Isn't Verified!

In order to create a playlist on Sporcle, you need to verify the email address you used during registration. Go to your Sporcle Settings to finish the process.

Report this User

Report this user for behavior that violates our Community Guidelines.

Details: